000 00917nam a2200361Ia 4500
005 20260514124402.0
008 008 261405s9999 xx 000 0 eng d
037 _aThesis
040 _aCRL
040 _beng
040 _cCRL
041 _2eng
041 _aeng
084 _qCRL
100 _aKansakar Dr.Nirajan
_91239749
245 0 _aPrediction of Acute Appendicitis Using Modified Alvarado Score and Ultrasound.
260 _aDelhi
260 _bUniversity of Delhi
260 _c2016
300 _a58p.
502 _bPh.D.
502 _cUniversity of Delhi
502 _d2016
541 _oThesis
650 _aGeneral Surgery
700 _aDr.Jyoti Kumar
_91239451
700 _aDr.N.S.Hadke,
_91239719
700 _aDr.P.N.Agarwal,
_91239728
700 _aDr.Rajdeep Singh
_91239729
710 _aGeneral Surgery
_91239711
942 _cTH
999 _c1851785
_d1851785